| 000 -LEADER |
| fixed length control field |
01158nam a22001457a 4500 |
| 008 - FIXED-LENGTH DATA ELEMENTS--GENERAL INFORMATION |
| fixed length control field |
221226b ||||| |||| 00| 0 eng d |
| 100 ## - MAIN ENTRY--PERSONAL NAME |
| Personal name |
Aryal, G., Bhuller, M. and Lange, F. |
| 245 ## - TITLE STATEMENT |
| Title |
Signaling and employer learning with instruments |
| 260 ## - PUBLICATION, DISTRIBUTION, ETC. (IMPRINT) |
| Place of publication, distribution, etc |
The American Economic Review |
| 300 ## - PHYSICAL DESCRIPTION |
| Extent |
112(5), May, 2022: p.1669-1702 |
| 520 ## - SUMMARY, ETC. |
| Summary, etc |
This paper considers the use of instruments to identify and estimate private and social returns to education within a model of employer learning. What an instrument identifies depends on whether it is hidden from, or transparent (i.e., observed) to, the employers. A hidden instrument identifies private returns to education, and a transparent instrument identifies social returns to education. We use variation in compulsory schooling laws across noncentral and central municipalities in Norway to, respectively, construct hidden and transparent instruments. We estimate a private return of 7.9 percent, of which 70 percent is due to increased productivity and the remaining 30 percent is due to signaling.- Reproduced |
| 773 ## - HOST ITEM ENTRY |
| Main entry heading |
The American Economic Review |
| 906 ## - LOCAL DATA ELEMENT F, LDF (RLIN) |
| Subject DIP |
LEARNING |
| 942 ## - ADDED ENTRY ELEMENTS (KOHA) |
| Item type |
Articles |